| 000 | 01020nam a2200253 i 4500 | ||
|---|---|---|---|
| 001 | 104046 | ||
| 003 | ES-MaACL | ||
| 005 | 20251106132828.0 | ||
| 007 | t| | ||
| 008 | 051122s1922 mx ab |||| | spa d | ||
| 245 | 0 | 0 |
_aMéxico : _bsus recursos naturales, su situación actual : homenaje al Brasil en ocasión del primer centenario de su independencia, 1822-1922. |
| 260 |
_aMéxico : _bSecretaría de Industria, Comercio y Trabajo, _c1922. |
||
| 300 |
_a328 p., [1] h. pleg. de mapa : _bil. ; _c28 cm. |
||
| 530 | _aDisponible en formato digital. | ||
| 650 | 4 |
_aIndustria- _zMéxico. _9150094 |
|
| 651 | 4 |
_aMéxico- _xSituación económica. _9150095 |
|
| 651 | 4 |
_aMéxico- _xSituación social. _9153836 |
|
| 651 | 4 |
_aMéxico- _xDescripción. _99061 |
|
| 710 | 1 |
_aMéxico. _bSecretaría de Industria, Comercio y Trabajo. _9172084 |
|
| 852 |
_aES-MaACL _jB-4619 _cSPB |
||
| 856 | 4 |
_uhttp://bdh-rd.bne.es/viewer.vm?id=0000084076&page=1 _y(Biblioteca Digital Hispánica) |
|
| 942 | _2udc | ||
| 999 |
_c104046 _d104046 |
||